| 000 | 00870nam a22003017a 4500 | ||
|---|---|---|---|
| 001 | 4974 | ||
| 003 | FISKH | ||
| 005 | 20241030094045.0 | ||
| 008 | 241030b cb ||||| |||| 00| 0 eng d | ||
| 020 | _a0516238124 | ||
| 040 |
_aFISKH _beng _cFISKH _dFISKH |
||
| 050 | _aQK495.F14 | ||
| 082 | _a583.46 | ||
| 100 |
_aKottka, Jan _d(1946-) |
||
| 245 |
_aFrom acorn to oak tree / _cBy Jan Kottke |
||
| 250 | _aFirst printing in 2001. | ||
| 260 |
_aNew York : _bScholastic, _c2001. |
||
| 300 |
_a24 pages : _bColor illustrations ; _c16 cm |
||
| 505 | _aG | ||
| 520 | _aFollows the journey of an acorn and explains how it becomes an oak tree. | ||
| 521 | 8 |
_a410L
_bLexile |
|
| 521 | 8 |
_aG
_bRaz-Plus |
|
| 650 |
_2Non-fiction _aNature |
||
| 650 |
_2Trees _aLife cycle |
||
| 700 |
_aWojciechowski, MaryJane _dIllustrator |
||
| 942 |
_2ddc _cBK _n0 |
||
| 999 |
_c4974 _d4974 |
||